Stopadesát let hamrů v Kamenici /

Hlavní autor: Tywoniak, Jiří, 1919-1995
Jazyk: Čeština
Vydáno: Kamenice u Prahy : Strojmetal, 1970
Fyzický popis: 124 s., 32 obr. příl. : il.
Knihy
Uloženo v:
LEADER 00656nam a22002172a 4500
001 001304499
003 CZ BrMZK
005 20130708133153.0
007 ta
008 130620s1970 xr af er|||||||||||cze d
015 |a cnb000452754 
035 |a (OCoLC)42100332 
040 |a BOA001  |b cze 
100 1 |a Tywoniak, Jiří,  |d 1919-1995  |7 jk01140592  |4 aut 
245 1 0 |a Stopadesát let hamrů v Kamenici /  |c Jiří Tywoniak 
260 |a Kamenice u Prahy :  |b Strojmetal,  |c 1970 
300 |a 124 s., 32 obr. příl. :  |b il. 
910 |a BOA001  |b 2-0647.928 
990 |a BK 
991 |b 201306 
996 7 |b 2619665332  |c 2-0647.928  |l HP2  |r DEN  |n 5  |w 001339154  |u 000010  |a 1  |e BOA001  |j MZK50  |s A